KOHA-Header-6

Education In Pakistan (Record no. 8920)

000 -LEADER
fixed length control field 00265nam a2200109Ia 4500
100 ## - MAIN ENTRY--AUTHOR NAME
Personal name Dr. Ishtiaq Qureshi
245 #0 - TITLE STATEMENT
Title Education In Pakistan
260 ## - PUBLICATION, DISTRIBUTION, ETC. (IMPRINT)
Place of publication Delhi
Name of publisher Addison -Wesley
Year of publication 2003
300 ## - PHYSICAL DESCRIPTION
Number of Pages 519
942 ## - ADDED ENTRY ELEMENTS (KOHA)
Koha item type Books
Holdings
Withdrawn status Lost status Collection code Permanent Location Current Location Shelving location Date acquired Full call number Accession Number Koha item type
    English Literature MAJU MAJU Shelf No.A13 2019-09-14 370.9549 4078 English Literature

Powered by Koha